000 00407nam a2200157Ia 4500
008 151213s9999 xx 000 0 und d
100 _aStephen A. Ross & others
245 _aFundamental of Corporate Finance
_cStephen A. Ross & others
250 _a4th
260 _aBoston
_bIrwin
300 _a1383 p.
650 _aFinance
650 _aFinance
700 _aStephen A. Ross & others
999 _c1105
_d1105